书目信息 |
| 题名: |
中国通史简编
|
|
| 作者: | 范文澜 著 | |
| 分册: | ||
| 出版信息: | 北京 人民出版社 1965.11 |
|
| 页数: | 444页 | |
| 开本: | 20cm | |
| 丛书名: | ||
| 单 册: | ||
| 中图分类: | K101 | |
| 科图分类: | ||
| 主题词: | 世界史:通史 | |
| 电子资源: | ||
| ISBN: | ||
| 000 | 00548nam0 2200193 450 | |
| 001 | 1338161125 | |
| 005 | 20130312103840.42 | |
| 010 | @dCNY1.65 | |
| 100 | @a20130312d1965 km y0chiy0120 ea | |
| 101 | 0 | @achi |
| 102 | @aCN@b110000 | |
| 200 | 1 | @a中国通史简编@Azhong guo tong shi jian bian@f范文澜著@Ffan wen lan zhu |
| 210 | @a北京@c人民出版社@d1965.11 | |
| 215 | @a444页@d20cm | |
| 606 | 0 | @a世界史:通史 |
| 690 | @aK101@v4 | |
| 701 | 0 | @a范文澜@Afan wen lan@4著 |
| 801 | 0 | @aCN@b大连网信软件有限公司图书馆·11@c20130312 |
| 905 | @aZUCC@dK101@eF437:3 | |
| 中国通史简编/范文澜著.-北京:人民出版社,1965.11 |
| 444页;20cm |
| ISBN :CNY1.65 |
| ● |
| 相关链接 |
|
|
|
正题名:中国通史简编
索取号:K101/F437:3
 
预约/预借
| 序号 | 登录号 | 条形码 | 馆藏地/架位号 | 状态 | 备注 |
| 1 | 24862 | 200248623 | 社科库309/ [索取号:K101/F437:3] | 在馆 | |
| 2 | 30908 | 200309086 | 社科库309/309社科库 103排4列1层/ [索取号:K101/F437:3] | 在馆 |